• 首页
  • 本馆介绍
  • 公告通知
  • 最新文献
  • 馆藏检索
  • 电子资源
  • 读者导购
  • 参考咨询
  • 我的图书馆
  • 登录
  • 详细信息显示
  • 放入我的书架
  • 预约/预借图书
  • 作者相关作品
  • 分类相关作品
  • 丛书相关作品
  • 出版社相关作品

书目信息

  • 表格格式
  • 工作单格式
  • 卡片格式
书名: The Business of Writing and Speaking
作者: Larry M.Robbins,ph.D.
分册号:
分册名:
出版地: Pennsvlvania :
 
出版社: McGraw-Hill Book Company
出版时间: c1985.
页数: 223 p. ;
开本: 20cm.
丛书名:
中图分类号:
科图分类号:
其他分类号: H315-61
主题词:
电子资源:
000 00457nam 2200157 a 4500
001 E0733200718
005 20070430091828.95
008 070430s1985 00010 eng
020    @a0-07-053089-0.
040    @aPFT@beng
090    @aH315-61
099    @dH315-61@ex15
245 1  @aThe Business of Writing and Speaking / @cLarry M.Robbins,ph.D.
260    @aPennsvlvania :@bMcGraw-Hill Book Company,@cc1985.
260    @aBerkeley :@bBerkeley.
300    @a223 p. ;@c20cm.
    
    The Business of Writing and Speaking / / Larry M.Robbins,ph.D.-Pennsvlvania : : McGraw-Hill Book Company, , c1985.-Berkeley : : Berkeley.
    223 p. ; ; 20cm.
    
    
    ISBN 0-07-053089-0.
    
●
相关链接 在E读中查询图书 在五车中查询图书 在当当中查询图书 在豆瓣中查询图书


正题名:The Business of Writing and Speaking     索取号:H315-61/x15         预约/预借

序号 登录号 条形码 馆藏地/架位号 状态 备注
1 180595   001035392   第二样本阅览室/ [索取号:H315-61/x15] 在馆    
唐山师范学院图书馆 欢迎您!
大连网信软件有限公司© 版权所有